000 00266nam a2200109Ia 4500
008 220204s9999 xx 000 0 und d
082 _a82-3
_bMAR
100 _aMartin, Don
245 0 _aMad's Don martin comes on strong
260 _aNew York
_bNel
_c1971
942 _cBK
999 _c35741
_d35741